[Event "Dewan Astana Karnival op (Women)"]
[Site "Dewan Astana"]
[Date "2015.08.01"]
[Round "7"]
[White "Nur, Munirah Mat Rahim"]
[Black "Leong, Yee May"]
[Result "0-1"]
[WhiteElo "1354"]
[BlackElo "1308"]
[PlyCount "94"]
[EventDate "2015.07.29"]
[EventType "swiss"]
[EventRounds "7"]
[EventCountry "MAS"]
[SourceTitle "EXT 2017"]
[Source "ChessBase"]
[SourceDate "2016.10.25"]
[SourceVersion "1"]
[SourceVersionDate "2016.10.25"]
[SourceQuality "1"]

1. e4 c5 2. c3 e6 3. d4 cxd4 4. cxd4 d6 5. Nf3 Nf6 6. Nc3 g6 7. Bd2 Bg7 8. e5 dxe5 9. dxe5 Nfd7 10. Bf4 0-0 11. Qd2 Nc6 12. Bh6 Ndxe5 13. Qxd8 Rxd8 14. Bxg7 Kxg7 15. Nxe5 Nxe5 16. f4 Nc6 17. Rc1 b6 18. h4 Bb7 19. Rh3 Rd7 20. h5 Rad8 21. hxg6 fxg6 22. Ne4 Nb4 23. Ng5 Nxa2 24. Nxe6+ Kf6 25. Nxd8 Nxc1 26. Nxb7 Rxb7 27. g4 Na2 28. Bg2 Re7+ 29. Kd2 Nb4 30. Kc3 a5 31. Bf3 Rc7+ 32. Kd4 Kg7 33. Be4 Nc6+ 34. Bxc6 Rxc6 35. Rc3 Rxc3 36. Kxc3 Kf6 37. Kc4 h5 38. gxh5 gxh5 39. Kb5 h4 40. Kxb6 h3 41. Kxa5 h2 42. b4 h1Q 43. b5 Qa8+ 44. Kb6 Qd8+ 45. Kc6 Qb8 46. b6 Kf5 47. b7 Kxf4 0-1